Countries with No Military Quiz Stats

 Plays Quiz Updated Oct 12, 2018

Support Sporcle.
Go Orange.
Score 0/18 Timer 06:00
12 Plays Today
Country % Correct
Vatican City
76.5%
Liechtenstein
50.5%
Tuvalu
41.7%
Samoa
41.4%
Palau
41%
Micronesia
41%
Marshall Islands
41%
Nauru
40.7%
Solomon Islands
37.8%
Country % Correct
Dominica
37.4%
Kiribati
37.4%
Saint Lucia
36.6%
Saint Vincent and the Grenadines
35.6%
Costa Rica
34.8%
Grenada
34.2%
Andorra
27.3%
Mauritius
26.4%
Palestine
17.5%

You're not logged in!

Compare scores with friends on all Sporcle quizzes.
OR
Log In

From the Vault

Landmark Google Reviews

by nerdyshuffle

Because random people on the internet always know what they're talking about...
Remove Ads.
Support Sporcle.
Get the best of Sporcle when you Go Orange. This ad-free experience offers more features, more stats, and more fun while also helping to support Sporcle. Thank you for becoming a member.

Show Comments

Extras

Top Quizzes Today


Score Distribution

Your Account Isn't Verified!

In order to create a playlist on Sporcle, you need to verify the email address you used during registration. Go to your Sporcle Settings to finish the process.

Report this User

Report this user for behavior that violates our Community Guidelines.

Details: